Rethinking housing taxation (Record no. 110607)

MARC details
000 -LEADER
fixed length control field 01204cad a22002175a 4500
001 - CONTROL NUMBER
control field E149712
008 - FIXED-LENGTH DATA ELEMENTS--GENERAL INFORMATION
fixed length control field 100414s2009 xxk f 000 0 eng d
035 ## - SYSTEM CONTROL NUMBER
System control number (Sirsi) u149712
041 0# - LANGUAGE CODE
Language code of text/sound track or separate title eng
100 1# - MAIN ENTRY--PERSONAL NAME
Personal name Crawshaw, Thomas
245 00 - TITLE STATEMENT
Title Rethinking housing taxation
Remainder of title options for reform
Medium [electronic resource]
260 ## - PUBLICATION, DISTRIBUTION, ETC.
Place of publication, distribution, etc. London
Name of publisher, distributor, etc. Shelter
Date of publication, distribution, etc. 2009
505 2# - FORMATTED CONTENTS NOTE
Formatted contents note Summary -- background -- Current taxes and issues -- Options for reform -- Policy directions
520 ## - SUMMARY, ETC.
Summary, etc. Argues that reform of the housing taxation system is required to address four main issues: the unstable housing market; problems with affordability of housing; unequal tenure choices; and inequalities in housing wealth. Discusses various options for reform and emphasises the importance of a national policy debate on the future of the housing taxation system.
521 ## - TARGET AUDIENCE NOTE
Target audience note Advanced
590 ## - LOCAL NOTE (RLIN)
Local note KA
651 #4 - SUBJECT ADDED ENTRY--GEOGRAPHIC NAME
Geographic name United Kingdom
Chronological subdivision
690 ## - LOCAL SUBJECT ADDED ENTRY--TOPICAL TERM (OCLC, RLIN)
Topical term or geographic name as entry element PROPERTY-PROPERTY TAXATION
856 40 - ELECTRONIC LOCATION AND ACCESS
Uniform Resource Identifier <a href="https://scotland.shelter.org.uk/professional_resources/policy_library/policy_library_folder/rethinking_housing_taxation_-_a_policy_discussion_paper">https://scotland.shelter.org.uk/professional_resources/policy_library/policy_library_folder/rethinking_housing_taxation_-_a_policy_discussion_paper</a>
Public note View the discussion paper free of charge at http://scotland.shelter.org.uk
942 ## - ADDED ENTRY ELEMENTS (KOHA)
Suppress in OPAC 0
Holdings
Withdrawn status Lost status Source of classification or shelving scheme Damaged status Not for loan Home library Current library Shelving location Date acquired Total Checkouts Full call number Barcode Date last seen Copy number Price effective from Koha item type
    Dewey Decimal Classification     Virtual Virtual Online 14/04/2010   ONLINE PUBLICATION 149712-2001 06/08/2019 1 06/08/2019 Book